One piece: Zoan Devil Fruits by Picture & Name - Statistics

General Stats
  • This quiz has been taken 111 times
  • The average score is 9 of 10
Answer Stats
Hint Answer % Correct

Gomu Gomu no Mi

Monkey D. Luffy

99%

Ushi Ushi no Mi, Modle: Giraffe

Kaku

96%

Neko Neko no Mi, Model: Leopard

Rob Lucci

96%

Tori Tori no Mi, Modle: Phoenix

Marco

95%

Ushi Ushi no Mi, Modle: Bison

Dalton

94%

Hito Hito no Mi

Chopper

83%

Hebi Hebi no Mi, Model: Yamata no Orochi

Kurozumi Orochi

79%

Uo Uo no Mi, Model: Seiryu

Kaido

78%

Sara Sara no Mi, Model: Axolotl

Smiley*

74%

Inu Inu no Mi, Model: Okuchi no Makami

Yamato

66%
No matching quizzes found
Score Distribution
Percent of People with Each Score
Percentile by Number Answered
Your Score History
You have not taken this quiz